[Event "Groseko Udaberriko V. Txapelke"]
[Site "Donostia-San Sebastián"]
[Date "2009.05.09"]
[Round "1.1"]
[White "Lakunza Oyarbide, Juan Carlos"]
[Black "Bernhard, Jacques"]
[Result "1-0"]
[WhiteElo "2158"]
[BlackElo "1701"]
[PlyCount "99"]
[EventDate "2009.05.09"]
[EventRounds "7"]
[EventCountry "ESP"]

1. d4 Nf6 2. c4 e6 3. g3 d5 4. Bg2 Bb4+ 5. Bd2 Bxd2+ 6. Qxd2 O-O 7. Nf3 Nbd7 8.
O-O b6 9. Nc3 c6 10. cxd5 exd5 11. Rac1 Bb7 12. Rfe1 h6 13. Qf4 Rc8 14. a3 a5
15. Bh3 Nh5 16. Qd6 Ndf6 17. Qe5 Re8 18. Qf5 Rc7 19. Qc2 Ne4 20. Ne5 Qf6 21.
Nxe4 dxe4 22. Qxe4 c5 23. Qg4 Qg5 24. f4 Qxg4 25. Bxg4 Nf6 26. Bf5 Be4 27. Bh3
Ree7 28. dxc5 bxc5 29. Bg2 g5 30. Nc4 Nd5 31. Nxa5 Ne3 32. Bf3 f5 33. Kf2 g4
34. Kxe3 Bxf3+ 35. Kf2 Bd5 36. Red1 Bf7 37. Rd6 Kg7 38. Rc6 c4 39. Rxc7 Rxc7
40. b3 c3 41. Nc4 Bd5 42. Rxc3 Be4 43. Ke3 Kf6 44. Rc1 h5 45. Rd1 Re7 46. Rd6+
Re6 47. Kd4 Bc2 48. b4 Bb3 49. Rxe6+ Kxe6 50. Nd2 1-0

[Event "Groseko Udaberriko V. Txapelke"]
[Site "Donostia-San Sebastián"]
[Date "2009.05.09"]
[Round "1.1"]
[White "Garat, Jacques"]
[Black "Segovia Sanchez, Antonio"]
[Result "0-1"]
[WhiteElo "1647"]
[BlackElo "2018"]
[PlyCount "72"]
[EventDate "2009.05.09"]
[EventRounds "7"]
[EventCountry "ESP"]

1. c4 f5 2. Nc3 Nf6 3. Nf3 e6 4. g3 Be7 5. Bg2 O-O 6. O-O d5 7. cxd5 exd5 8. d4
c6 9. a3 Ne4 10. Ne5 Nd7 11. Nd3 Bf6 12. e3 Qe7 13. Bd2 Re8 14. Re1 Nf8 15. Re2
Ne6 16. Rc1 Nxc3 17. Bxc3 Nxd4 18. Re1 Ne6 19. Bb4 Qf7 20. Qc2 Ng5 21. Nf4 Be5
22. Nd3 Bc7 23. h4 Ne4 24. Nc5 Kh8 25. Nxe4 fxe4 26. Qd2 Bg4 27. Ba5 Bd6 28.
Bc3 Re6 29. Bd4 Rg6 30. Bc5 Be5 31. Rc2 Qf5 32. Qa5 Bf3 33. Bxa7 Bxg2 34. Kxg2
Qf3+ 35. Kg1 Bxg3 36. Kf1 Bh2 0-1

[Event "Groseko Udaberriko V. Txapelke"]
[Site "Donostia-San Sebastián"]
[Date "2009.05.09"]
[Round "1.1"]
[White "Garcia Martinez, Enara"]
[Black "Tholey, Jean-Paul"]
[Result "0-1"]
[WhiteElo "1636"]
[BlackElo "2004"]
[PlyCount "66"]
[EventDate "2009.05.09"]
[EventRounds "7"]
[EventCountry "ESP"]

1. e4 c5 2. Nc3 Nc6 3. Nf3 Nf6 4. Bc4 e6 5. O-O d5 6. exd5 exd5 7. Bd3 Be7 8.
b3 O-O 9. Bb2 Nb4 10. Be2 Bf5 11. d3 d4 12. Nb1 Qc7 13. a3 Nbd5 14. Nbd2 b5 15.
Re1 Rfe8 16. Nf1 h6 17. Ng3 Bh7 18. Nd2 Bd6 19. Bf3 Rxe1+ 20. Qxe1 Re8 21. Qf1
Nc3 22. Bxc3 dxc3 23. Nde4 Nxe4 24. Bxe4 Bxe4 25. dxe4 Bxg3 26. fxg3 Qb6 27.
Qf3 b4 28. axb4 cxb4+ 29. Kh1 Qd4 30. Re1 Qd2 31. Qe2 Rd8 32. h3 Qxe2 33. Rxe2
Rd2 0-1

[Event "Groseko Udaberriko V. Txapelke"]
[Site "Donostia-San Sebastián"]
[Date "2009.05.09"]
[Round "1.1"]
[White "Etxaurren Gavina, Asier"]
[Black "Vallverdu Verge, Carme"]
[Result "1-0"]
[WhiteElo "1998"]
[BlackElo "1629"]
[PlyCount "73"]
[EventDate "2009.05.09"]
[EventRounds "7"]
[EventCountry "ESP"]

1. d4 Nf6 2. Nf3 g6 3. c4 Bg7 4. Nc3 d6 5. Bf4 O-O 6. e3 Nbd7 7. Be2 Re8 8. h3
e5 9. dxe5 dxe5 10. Nxe5 Nc5 11. O-O Bf5 12. Qxd8 Raxd8 13. Rad1 Nfe4 14. Rxd8
Rxd8 15. Nxe4 Bxe4 16. Rd1 Rxd1+ 17. Bxd1 Ne6 18. Bg3 Bb1 19. a3 c5 20. b3 Ng5
21. f3 Ne6 22. Kf2 Kf8 23. Ke2 Ke7 24. Kd2 f6 25. Ng4 g5 26. Nf2 Bg6 27. Bc2 f5
28. Nd3 h6 29. Bb8 a6 30. Ne5 Bh7 31. g4 Kf6 32. Nd7+ Ke7 33. Nb6 Nf8 34. gxf5
Nd7 35. Nxd7 Kxd7 36. e4 Bg8 37. e5 1-0

[Event "Groseko Udaberriko V. Txapelke"]
[Site "Donostia-San Sebastián"]
[Date "2009.05.09"]
[Round "1.1"]
[White "Argandona Riveiro, Jon"]
[Black "Lopez Garcia, Jose"]
[Result "1-0"]
[WhiteElo "1991"]
[BlackElo "1627"]
[PlyCount "77"]
[EventDate "2009.05.09"]
[EventRounds "7"]
[EventCountry "ESP"]

1. e4 c5 2. Nf3 d6 3. d3 Nf6 4. g3 Nc6 5. Bg2 e6 6. O-O Be7 7. Re1 Qc7 8. Nbd2
h6 9. a4 a6 10. Nc4 b6 11. e5 Nd5 12. exd6 Bxd6 13. Nxd6+ Qxd6 14. c4 Nf6 15.
Bf4 Qe7 16. Ne5 Nxe5 17. Bxa8 Ng6 18. Qf3 Nxf4 19. gxf4 O-O 20. Kh1 Ne8 21. Rg1
f5 22. Rg3 Rf7 23. Rag1 Qc7 24. Qc6 Qd7 25. Qxb6 Qd4 26. b4 Qxf2 27. Qxc5 Qxc5
28. bxc5 Bb7+ 29. Bxb7 Rxb7 30. d4 Rb4 31. Rc1 Rxa4 32. c6 Ra2 33. d5 Re2 34.
Rb3 exd5 35. cxd5 Nd6 36. c7 Re8 37. Rb8 Nc8 38. d6 Nxd6 39. Rxe8+ 1-0

[Event "Groseko Udaberriko V. Txapelke"]
[Site "Donostia-San Sebastián"]
[Date "2009.05.09"]
[Round "1.1"]
[White "Gonzalez Pueyo, Patricia"]
[Black "Jimenez Crespo, Inigo"]
[Result "0-1"]
[WhiteElo "1604"]
[BlackElo "1940"]
[PlyCount "72"]
[EventDate "2009.05.09"]
[EventRounds "7"]
[EventCountry "ESP"]

1. e4 c5 2. Nf3 Nc6 3. d4 cxd4 4. Nxd4 Nf6 5. Nc3 d6 6. f3 Qb6 7. Nb3 e6 8. Bg5
a6 9. Qd2 Be7 10. g4 h6 11. Be3 Qc7 12. O-O-O b5 13. Bd3 Ne5 14. Qf2 Nfxg4 15.
Qg1 Nxe3 16. Qxe3 Bd7 17. Rhg1 Bf6 18. Kb1 Rc8 19. f4 Nxd3 20. Qxd3 Bxc3 21.
Qxc3 Qxc3 22. bxc3 Rxc3 23. Rxd6 Ke7 24. Rxa6 Rhc8 25. Rg2 R8c4 26. Re2 Bc6 27.
Ra7+ Ke8 28. f5 Rxe4 29. Rxe4 Bxe4 30. fxe6 Rxc2 31. exf7+ Kf8 32. Ka1 Rxh2 33.
Nc5 Bf5 34. Nb3 b4 35. Nd4 Rh1+ 36. Kb2 Rb1# 0-1

[Event "Groseko Udaberriko V. Txapelke"]
[Site "Donostia-San Sebastián"]
[Date "2009.05.09"]
[Round "1.1"]
[White "Sanchez Merino, Christian"]
[Black "Tung, Kai Ming"]
[Result "0-1"]
[WhiteElo "1589"]
[BlackElo "1924"]
[PlyCount "48"]
[EventDate "2009.05.09"]
[EventRounds "7"]
[EventCountry "ESP"]

1. e4 e6 2. d4 d5 3. Nd2 Nf6 4. e5 Nfd7 5. Ngf3 c5 6. c3 Nc6 7. Nb3 c4 8. Nbd2
f6 9. exf6 Nxf6 10. Ne5 Bd6 11. f4 O-O 12. Ndxc4 dxc4 13. Bxc4 Bxe5 14. fxe5
Nd5 15. Bd3 Qh4+ 16. g3 Qh3 17. Qc2 Bd7 18. Bg5 Rac8 19. Bh4 Nxd4 20. Bxh7+ Kh8
21. Qg6 Nf3+ 22. Kd1 Qg2 23. Kc1 Qxh1+ 24. Kc2 Ba4+ 0-1

[Event "Groseko Udaberriko V. Txapelke"]
[Site "Donostia-San Sebastián"]
[Date "2009.05.09"]
[Round "1.1"]
[White "Bello Castano, Diego"]
[Black "Santesteban Gonzalez, Begona"]
[Result "1-0"]
[WhiteElo "1916"]
[BlackElo "1588"]
[PlyCount "111"]
[EventDate "2009.05.09"]
[EventRounds "7"]
[EventCountry "ESP"]

1. Nf3 Nf6 2. b3 d6 3. d4 b6 4. Bb2 Bb7 5. Nbd2 e6 6. e3 Be7 7. Bd3 Nbd7 8. c4
c5 9. Qe2 Qc7 10. O-O O-O 11. Rfe1 e5 12. d5 Rae8 13. e4 Bc8 14. Nf1 Nh5 15.
Rad1 Nf4 16. Qd2 Nf6 17. Ng3 Bg4 18. Qe3 N6h5 19. h3 Bxf3 20. Qxf3 Nxg3 21.
Qxg3 Qd7 22. Bc2 Ng6 23. Bc1 Rd8 24. Qg4 Qc8 25. Qxc8 Rxc8 26. g3 Bd8 27. Bd3
Rc7 28. h4 Ne7 29. f4 f6 30. f5 h6 31. Kf2 Kf7 32. g4 Rh8 33. Rh1 g5 34. hxg5
fxg5 35. Bxg5 Rh7 36. Bxh6 Ng8 37. Be3 Ke8 38. Rdg1 Nf6 39. Be2 Nxe4+ 40. Kf3
Nc3 41. a3 e4+ 42. Kf2 Nxe2 43. Kxe2 Bf6 44. g5 Bb2 45. g6 Rxh1 46. Rxh1 Kf8
47. Bg5 Rg7 48. Rh8+ Rg8 49. Bh6+ Bg7 50. Bxg7+ Kxg7 51. Rxg8+ Kxg8 52. Ke3 Kg7
53. Kxe4 a6 54. Kf3 Kf6 55. Kg4 Kg7 56. Kg5 1-0

[Event "Groseko Udaberriko V. Txapelke"]
[Site "Donostia-San Sebastián"]
[Date "2009.05.16"]
[Round "2.1"]
[White "Argandona Riveiro, Inigo"]
[Black "Etxagibel Larranaga, Asier"]
[Result "1-0"]
[WhiteElo "2371"]
[BlackElo "1904"]
[PlyCount "49"]
[EventDate "2009.05.09"]
[EventRounds "7"]
[EventCountry "ESP"]

1. d4 Nf6 2. c4 c5 3. d5 b5 4. Nd2 g6 5. e4 bxc4 6. Bxc4 d6 7. Qa4+ Bd7 8. Qc2
Bg7 9. Ne2 Qa5 10. Qd3 Ng4 11. f4 f5 12. O-O fxe4 13. Nxe4 O-O 14. h3 Nf6 15.
Ng5 Bf5 16. Qe3 Qb4 17. b3 Re8 18. Bd2 Qb7 19. g4 Bc8 20. f5 gxf5 21. gxf5 Kh8
22. Bc3 Na6 23. Nf7+ Kg8 24. Bxf6 Bxf6 25. Nxd6 1-0

[Event "Groseko Udaberriko V. Txapelke"]
[Site "Donostia-San Sebastián"]
[Date "2009.05.16"]
[Round "2.1"]
[White "Sanz Perez, Eduardo"]
[Black "Tung, Siu Hung"]
[Result "1-0"]
[WhiteElo "2177"]
[BlackElo "1893"]
[PlyCount "49"]
[EventDate "2009.05.09"]
[EventRounds "7"]
[EventCountry "ESP"]

1. e4 Nf6 2. Nc3 d5 3. e5 Nfd7 4. f4 e6 5. Nf3 c5 6. g3 Nc6 7. Bg2 Be7 8. O-O
Qb6 9. d3 O-O 10. Qe2 Nd4 11. Qf2 f6 12. exf6 Bxf6 13. Kh1 Nb8 14. Nxd4 cxd4
15. Ne2 Nc6 16. f5 Nb4 17. Nf4 Qc6 18. Bd2 Na6 19. Rae1 Nc7 20. fxe6 Qd6 21.
Qf3 Be7 22. Qh5 Ne8 23. Nxd5 Rxf1+ 24. Rxf1 Bxe6 25. Bb4 1-0

[Event "Groseko Udaberriko V. Txapelke"]
[Site "Donostia-San Sebastián"]
[Date "2009.05.16"]
[Round "2.1"]
[White "Miguelez Garcia, Erlantz"]
[Black "Lakunza Oyarbide, Juan Carlos"]
[Result "1-0"]
[WhiteElo "1912"]
[BlackElo "2158"]
[PlyCount "71"]
[EventDate "2009.05.09"]
[EventRounds "7"]
[EventCountry "ESP"]

1. d4 Nf6 2. c4 g6 3. Nc3 Bg7 4. e4 d6 5. Nf3 O-O 6. Be2 e5 7. dxe5 dxe5 8.
Qxd8 Rxd8 9. Bg5 c6 10. Nxe5 Re8 11. O-O-O Nxe4 12. Nxe4 Bxe5 13. Nd6 Bxb2+ 14.
Kd2 Re6 15. Nxc8 Na6 16. Bg4 f5 17. Ne7+ Kf8 18. Rb1 Rd8+ 19. Kc2 Bf6 20. Bh6+
Kf7 21. Nxf5 gxf5 22. Bh5+ Kg8 23. Rxb7 Re4 24. Kb1 Nc5 25. Rxa7 Rb8+ 26. Kc1
Rxc4+ 27. Kd2 Rd8+ 28. Ke2 Re4+ 29. Kf1 Rh4 30. g4 fxg4 31. Bf7+ Kh8 32. Be3
Nd3 33. a4 Bd4 34. Ra8 Bf6 35. Rxd8+ Bxd8 36. Bd4+ 1-0

[Event "Groseko Udaberriko V. Txapelke"]
[Site "Donostia-San Sebastián"]
[Date "2009.05.16"]
[Round "2.1"]
[White "Cantabrana Garona, Alejandro"]
[Black "Darrigues, Alain"]
[Result "1-0"]
[WhiteElo "1828"]
[BlackElo "2038"]
[PlyCount "111"]
[EventDate "2009.05.09"]
[EventRounds "7"]
[EventCountry "ESP"]

1. d4 Nf6 2. Nd2 d5 3. Ngf3 e6 4. e3 Be7 5. Bd3 Nbd7 6. O-O O-O 7. c4 b6 8. Ne5
Bb7 9. f4 c5 10. b3 Rc8 11. Bb2 Rc7 12. g4 Ne4 13. cxd5 exd5 14. Nxe4 dxe4 15.
Bc4 Nxe5 16. dxe5 Rd7 17. Qe1 Bd5 18. Bb5 Bh4 19. Qc3 Rc7 20. Rad1 Qa8 21. Rd2
a6 22. Bxa6 Qxa6 23. Rxd5 Ra8 24. g5 h6 25. e6 fxe6 26. Rd6 Qe2 27. Rd2 Qg4+
28. Rg2 Qh5 29. Qc4 Re8 30. gxh6 Qxh6 31. Qxe4 Rce7 32. Kh1 Kh8 33. Rfg1 Bf6
34. Rg6 Bxb2 35. Rxh6+ gxh6 36. Rg6 Bg7 37. Qc6 Kh7 38. Rg1 e5 39. f5 Rf8 40.
e4 Rf6 41. Qb5 Rd6 42. Rf1 Bf6 43. Qe2 Rg7 44. Rg1 Rxg1+ 45. Kxg1 Bg5 46. Qc4
Kg7 47. a4 Be3+ 48. Kg2 Kf8 49. Qa6 Bg5 50. a5 Bd8 51. axb6 Bxb6 52. Qc8+ Ke7
53. Qh8 Bd8 54. Qxe5+ Kd7 55. Qxc5 Bc7 56. Qc3 1-0

[Event "Groseko Udaberriko V. Txapelke"]
[Site "Donostia-San Sebastián"]
[Date "2009.05.16"]
[Round "2.1"]
[White "Galarza Cenzano, Inigo"]
[Black "Nogues Fernandez, Ramon"]
[Result "1-0"]
[WhiteElo "2037"]
[BlackElo "1819"]
[PlyCount "99"]
[EventDate "2009.05.09"]
[EventRounds "7"]
[EventCountry "ESP"]

1. e4 e5 2. Nf3 Nc6 3. d4 exd4 4. Bc4 Nf6 5. e5 d5 6. Bb5 Ne4 7. Nxd4 Bd7 8.
Bxc6 bxc6 9. O-O Be7 10. f3 Nc5 11. f4 Ne4 12. c3 c5 13. Nb3 Bb5 14. Rf3 f5 15.
Be3 O-O 16. N1d2 Nxd2 17. Qxd2 c4 18. Nd4 Bd7 19. Rh3 c5 20. Nf3 Bc6 21. Qf2
Qa5 22. Ng5 Bxg5 23. fxg5 g6 24. Bxc5 Rfe8 25. e6 Rxe6 26. Bd4 Qc7 27. Qh4 Rae8
28. Rf1 a6 29. Rg3 Qd6 30. Rh3 Qc7 31. Bf6 Re4 32. Qh6 Qf7 33. Bd4 Re1 34. Rhf3
Rxf1+ 35. Rxf1 Qf8 36. Qh4 Qe7 37. Qf4 Qd8 38. h4 Re4 39. Qg3 Qe8 40. h5 gxh5
41. Rxf5 Re1+ 42. Kh2 Re4 43. g6 hxg6 44. Rxh5 Kf7 45. Rh7+ Ke6 46. Qg5 Qb8+
47. g3 Qxb2+ 48. Kh3 Rxd4 49. Qe7+ Kf5 50. Rf7# 1-0

[Event "Groseko Udaberriko V. Txapelke"]
[Site "Donostia-San Sebastián"]
[Date "2009.05.16"]
[Round "2.1"]
[White "Fernandez Zubitur, Jokin"]
[Black "Urretavizcaya Merino, Asier"]
[Result "1-0"]
[WhiteElo "1811"]
[BlackElo "2028"]
[PlyCount "61"]
[EventDate "2009.05.09"]
[EventRounds "7"]
[EventCountry "ESP"]

1. e4 c5 2. Nc3 d6 3. g3 g6 4. Bg2 Bg7 5. d3 Nc6 6. f4 h5 7. Nf3 Nd4 8. Be3 Qa5
9. Qd2 Bd7 10. O-O Nh6 11. h3 e6 12. e5 Nhf5 13. Bf2 Nxf3+ 14. Bxf3 dxe5 15.
fxe5 Bxe5 16. Qg5 Qd8 17. Qxd8+ Rxd8 18. Bxc5 b6 19. Ba3 Nxg3 20. Rfe1 Bd4+ 21.
Kg2 Nf5 22. Ne4 Rc8 23. c3 Bg7 24. d4 Bc6 25. Rad1 Nh4+ 26. Kf2 Nxf3 27. Nd6+
Kd7 28. d5 Bxd5 29. Rxd5 Nxe1 30. Rd2 Nf3 31. Kxf3 1-0

[Event "Groseko Udaberriko V. Txapelke"]
[Site "Donostia-San Sebastián"]
[Date "2009.05.16"]
[Round "2.1"]
[White "Segovia Sanchez, Antonio"]
[Black "Izagirre Alsua, Aritz"]
[Result "1-0"]
[WhiteElo "2018"]
[BlackElo "1809"]
[PlyCount "51"]
[EventDate "2009.05.09"]
[EventRounds "7"]
[EventCountry "ESP"]

1. d4 d5 2. Nf3 Nf6 3. Bf4 c5 4. c3 Qb6 5. Qb3 Nc6 6. e3 Bg4 7. Ne5 Qxb3 8.
axb3 Nxe5 9. Bxe5 cxd4 10. exd4 Bd7 11. Na3 Ng4 12. Nb5 Bxb5 13. Bxb5+ Kd8 14.
Bf4 a6 15. O-O Rc8 16. Bd3 e6 17. b4 Rc6 18. b5 axb5 19. Bxb5 Rb6 20. Ra8+ Ke7
21. Re8+ Kf6 22. Bd3 g5 23. Bc7 Rc6 24. Bd8+ Kg7 25. Bb5 Nxh2 26. Ra1 1-0

[Event "Groseko Udaberriko V. Txapelke"]
[Site "Donostia-San Sebastián"]
[Date "2009.05.16"]
[Round "2.1"]
[White "Iglesias Gonzalez, Veronica"]
[Black "Torres, Patrice"]
[Result "0-1"]
[WhiteElo "1801"]
[BlackElo "2011"]
[PlyCount "96"]
[EventDate "2009.05.09"]
[EventRounds "7"]
[EventCountry "ESP"]

1. d4 d5 2. Nf3 Nf6 3. Bg5 c6 4. e3 Nbd7 5. Bd3 Ne4 6. Nbd2 Nxg5 7. Nxg5 g6 8.
Qf3 Nf6 9. h4 Bg7 10. Qf4 Qd6 11. O-O-O Qxf4 12. exf4 Ng4 13. Nh3 Bxd4 14. Be2
Nxf2 15. Nxf2 Bxf2 16. Rdf1 Be3 17. g4 Bd7 18. Rh3 Bxd2+ 19. Kxd2 h5 20. f5
hxg4 21. Bxg4 Bxf5 22. Bxf5 gxf5 23. Rxf5 f6 24. Rf4 Kf7 25. h5 Rh6 26. Rb4 b6
27. Rbh4 e5 28. b4 Rah8 29. c4 dxc4 30. Rxc4 Rxh5 31. Ra3 Rh2+ 32. Ke1 Rxa2 33.
Rxa2 Rh1+ 34. Kf2 Rh2+ 35. Kf3 Rxa2 36. Rxc6 Kg6 37. b5 Rb2 38. Rc7 Rxb5 39.
Rxa7 Kf5 40. Rf7 Rb3+ 41. Ke2 b5 42. Kd2 b4 43. Rh7 Rg3 44. Ke2 b3 45. Kf2 Rc3
46. Rh4 e4 47. Rh5+ Kf4 48. Rb5 Rc2+ 0-1

[Event "Groseko Udaberriko V. Txapelke"]
[Site "Donostia-San Sebastián"]
[Date "2009.05.16"]
[Round "2.1"]
[White "Tholey, Jean-Paul"]
[Black "Munoz Gabilondo, Inaki"]
[Result "1-0"]
[WhiteElo "2004"]
[BlackElo "1778"]
[PlyCount "57"]
[EventDate "2009.05.09"]
[EventRounds "7"]
[EventCountry "ESP"]

1. d4 Nf6 2. c4 e6 3. Nc3 Bb4 4. Qc2 c5 5. dxc5 Bxc5 6. Nf3 Nc6 7. Bg5 Qb6 8.
e3 Be7 9. Rd1 a6 10. Be2 Qa7 11. O-O O-O 12. Rd2 b6 13. Rfd1 Rd8 14. a3 d6 15.
Ne4 Qc7 16. Bf4 Nxe4 17. Qxe4 e5 18. Bd3 g6 19. Bg5 Be6 20. Qh4 Rd7 21. Be4 Re8
22. Bxe7 Rexe7 23. Ng5 h5 24. b3 Na5 25. Bc2 Nb7 26. Ne4 Bf5 27. Nf6+ Kg7 28.
Bxf5 gxf5 29. Qg5+ 1-0

[Event "Groseko Udaberriko V. Txapelke"]
[Site "Donostia-San Sebastián"]
[Date "2009.05.16"]
[Round "2.1"]
[White "Garro Beraza, Julen"]
[Black "Etxaurren Gavina, Asier"]
[Result "0-1"]
[WhiteElo "1771"]
[BlackElo "1998"]
[PlyCount "102"]
[EventDate "2009.05.09"]
[EventRounds "7"]
[EventCountry "ESP"]

1. e4 Nf6 2. e5 Nd5 3. c4 Nb6 4. d4 d6 5. exd6 exd6 6. Nf3 Be7 7. Nc3 Bg4 8.
Be3 Nc6 9. h3 Bh5 10. b3 O-O 11. Be2 Re8 12. O-O Bf6 13. Rc1 Bg6 14. Bd3 d5 15.
Bxg6 hxg6 16. c5 Nc8 17. Qd2 N8e7 18. Bg5 Nf5 19. Bxf6 gxf6 20. Rfe1 Rxe1+ 21.
Rxe1 Ng7 22. Nd1 Ne6 23. Ne3 f5 24. Nc2 Qf6 25. Ne5 Nxe5 26. Rxe5 c6 27. b4 a5
28. a3 Kg7 29. Re1 a4 30. Qe3 Rh8 31. f3 Rh4 32. Rd1 Rh8 33. Re1 Rh4 34. Rd1 g5
35. Qe5 Qxe5 36. dxe5 f6 37. Ne3 Kg6 38. exf6 Kxf6 39. Kf2 Rd4 40. Ke1 Ke5 41.
g3 f4 42. Ng4+ Kf5 43. Nh6+ Kg6 44. Ng8 Rxd1+ 45. Kxd1 fxg3 46. Ke1 Nd4 47. Kf1
Nc2 48. Ne7+ Kf6 49. Nc8 Nxa3 50. Nb6 Kf5 51. Nxa4 Kf4 0-1

[Event "Groseko Udaberriko V. Txapelke"]
[Site "Donostia-San Sebastián"]
[Date "2009.05.16"]
[Round "2.1"]
[White "Olmo Vega, Diego"]
[Black "Izquierdo Arruferia, Joseba"]
[Result "1/2-1/2"]
[WhiteElo "1992"]
[BlackElo "1768"]
[PlyCount "122"]
[EventDate "2009.05.09"]
[EventRounds "7"]
[EventCountry "ESP"]

1. e4 e6 2. d4 d5 3. Nc3 Nf6 4. Bg5 dxe4 5. Bxf6 gxf6 6. Nxe4 f5 7. Nc3 Bg7 8.
Nf3 O-O 9. Bc4 c5 10. d5 a6 11. a4 b6 12. O-O e5 13. Re1 e4 14. Nd2 Qg5 15. Nf1
Nd7 16. Qd2 Qg6 17. Qf4 Be5 18. Qh4 Bf6 19. Qg3 Be5 20. Qh4 Bf6 21. Qg3 Be5 22.
Qxg6+ hxg6 23. f3 exf3 24. gxf3 Bb7 25. Rab1 Bd4+ 26. Kg2 Rfe8 27. Ne2 Be5 28.
Ba2 b5 29. Nc3 c4 30. Ne3 Bd4 31. Nxc4 bxc4 32. Bxc4 Kf8 33. Ne2 Be5 34. Ba2
Nb6 35. c4 Nxa4 36. b4 Rad8 37. Rbd1 Bc3 38. Nxc3 Nxc3 39. Rxe8+ Rxe8 40. Rd2
Re2+ 41. Rxe2 Nxe2 42. Kf2 Nf4 43. Ke3 Nh5 44. Kd4 Ke7 45. Kc5 Nf6 46. Kb6 Bc8
47. Kc7 Bd7 48. d6+ Ke8 49. c5 Bb5 50. c6 g5 51. d7+ Nxd7 52. cxd7+ Bxd7 53.
Bxf7+ Ke7 54. Bc4 f4 55. Bxa6 g4 56. fxg4 Bxg4 57. Bf1 Bd7 58. b5 Bxb5 59. Bxb5
f3 60. Bc4 Kf6 61. Kd6 Kg7 1/2-1/2

[Event "Groseko Udaberriko V. Txapelke"]
[Site "Donostia-San Sebastián"]
[Date "2009.05.16"]
[Round "2.1"]
[White "Riesco Lecuona, Juan Manuel"]
[Black "Olabe Odriozola, Eduardo"]
[Result "0-1"]
[WhiteElo "1974"]
[BlackElo "1738"]
[PlyCount "104"]
[EventDate "2009.05.09"]
[EventRounds "7"]
[EventCountry "ESP"]

1. e4 c5 2. Nf3 d6 3. d4 cxd4 4. Nxd4 Nf6 5. Nc3 g6 6. Be3 Bg7 7. f3 O-O 8. Qd2
Nc6 9. O-O-O d5 10. Nxc6 bxc6 11. e5 Nd7 12. f4 Nb6 13. Be2 Bd7 14. h4 Qc7 15.
Bc5 e6 16. h5 Rfc8 17. hxg6 fxg6 18. Ba6 Rf8 19. g3 Rf7 20. Bd3 Bf8 21. Bxf8
Raxf8 22. Qh2 Rg7 23. Ne2 c5 24. c3 a5 25. Rhf1 a4 26. a3 d4 27. c4 Qb7 28. Ng1
Qa6 29. Qe2 Nc8 30. Nh3 Ne7 31. g4 Bc6 32. Ng5 Qc8 33. Ne4 Bxe4 34. Bxe4 g5 35.
f5 exf5 36. gxf5 Nxf5 37. e6 Ne3 38. Rxf8+ Qxf8 39. Rh1 Qf4 40. Qf3 Qxf3 41.
Bxf3 g4 42. Be4 Kf8 43. Rh5 g3 44. Rxc5 g2 45. Rc8+ Ke7 46. Rc7+ Kf6 47. Rxg7
Kxg7 48. Bxg2 Nxg2 49. b4 axb3 50. a4 Nf4 51. a5 Nxe6 52. a6 Kf6 0-1

[Event "Groseko Udaberriko V. Txapelke"]
[Site "Donostia-San Sebastián"]
[Date "2009.05.16"]
[Round "2.1"]
[White "Ezkerro Hernandez, Pablo"]
[Black "Arana Garate, Jon"]
[Result "0-1"]
[WhiteElo "1738"]
[BlackElo "1966"]
[PlyCount "48"]
[EventDate "2009.05.09"]
[EventRounds "7"]
[EventCountry "ESP"]

1. e4 e5 2. Nf3 Nc6 3. Bb5 a6 4. Ba4 Nf6 5. Nc3 b5 6. Bb3 Bc5 7. O-O O-O 8. d3
h6 9. Be3 Be7 10. Nd5 d6 11. h3 Na5 12. Nxe7+ Qxe7 13. Nh2 c5 14. c3 Nxb3 15.
axb3 Bb7 16. f4 exf4 17. Bxf4 Nd7 18. Ng4 Qe6 19. Rf3 f5 20. Nxh6+ gxh6 21.
Rg3+ Kh7 22. exf5 Qxf5 23. Bxd6 Qf2+ 24. Kh2 Rg8 0-1

[Event "Groseko Udaberriko V. Txapelke"]
[Site "Donostia-San Sebastián"]
[Date "2009.05.16"]
[Round "2.1"]
[White "Jimenez Crespo, Inigo"]
[Black "Puga Senar, Fernando"]
[Result "1-0"]
[WhiteElo "1940"]
[BlackElo "1720"]
[PlyCount "151"]
[EventDate "2009.05.09"]
[EventRounds "7"]
[EventCountry "ESP"]

1. e4 e6 2. d4 d5 3. Nc3 Nf6 4. Bg5 Be7 5. e5 Nfd7 6. Bxe7 Qxe7 7. f4 a6 8. Nf3
c5 9. Qd2 Nc6 10. O-O-O b5 11. h4 c4 12. f5 Nb6 13. fxe6 fxe6 14. Qg5 h6 15.
Qxe7+ Kxe7 16. Ne2 Bd7 17. Nf4 Be8 18. Be2 Rf8 19. g3 a5 20. c3 Rb8 21. Rd2 Na4
22. Bd1 Nb6 23. Rf2 b4 24. Rhf1 a4 25. a3 bxc3 26. bxc3 Na5 27. Bc2 Nb3+ 28.
Kd1 Na8 29. Nd2 Nc7 30. Nb1 g5 31. hxg5 hxg5 32. Nh3 Rxf2 33. Rxf2 Bh5+ 34. Ke1
Rg8 35. Rf6 Rg7 36. Nf2 Be8 37. g4 Na1 38. Bd1 Bg6 39. Rxg6 Rxg6 40. Bxa4 Rg8
41. Bc6 Rb8 42. Nd2 Nc2+ 43. Ke2 Nxa3 44. Nh3 Rb2 45. Kd1 Ncb5 46. Bxb5 Nxb5
47. Kc1 Ra2 48. Nb1 Rg2 49. Nxg5 Rxg4 50. Nh7 Rg2 51. Nf6 Ra2 52. Ng4 Na3 53.
Nxa3 Rxa3 54. Kb2 Rb3+ 55. Kc2 Kf7 56. Nf6 Rb7 57. Kc1 Kg6 58. Kc2 Kf5 59. Ne8
Rb6 60. Nf6 Kf4 61. Nd7 Ra6 62. Nc5 Rc6 63. Kd2 Kf3 64. Nd7 Ra6 65. Nc5 Ra2+
66. Kc1 Ke3 67. Kb1 Re2 68. Nxe6 Kd2 69. Nf4 Re1+ 70. Kb2 Re4 71. Nxd5 Kd3 72.
Ka3 Re1 73. Kb4 Rb1+ 74. Kc5 Re1 75. e6 Kc2 76. e7 1-0

[Event "Groseko Udaberriko V. Txapelke"]
[Site "Donostia-San Sebastián"]
[Date "2009.05.16"]
[Round "2.1"]
[White "Segura Del Frago, Imanol"]
[Black "Hernandez Sanchez, Inaki"]
[Result "1-0"]
[WhiteElo "1938"]
[BlackElo "1453"]
[PlyCount "35"]
[EventDate "2009.05.09"]
[EventRounds "7"]
[EventCountry "ESP"]

1. e4 e5 2. Bc4 Nf6 3. Nc3 Bc5 4. Nf3 O-O 5. O-O d6 6. h3 c6 7. d4 exd4 8. Nxd4
d5 9. exd5 cxd5 10. Bb3 Ne4 11. Nxd5 Qh4 12. Be3 Nc6 13. Nf3 Qh5 14. Ng5 Qg6
15. Nxe4 Qxe4 16. Bxc5 Rd8 17. Re1 Qg6 18. Ne7+ 1-0

[Event "Groseko Udaberriko V. Txapelke"]
[Site "Donostia-San Sebastián"]
[Date "2009.05.23"]
[Round "3.1"]
[White "Arana Garate, Jon"]
[Black "Argandona Riveiro, Inigo"]
[Result "0-1"]
[WhiteElo "1966"]
[BlackElo "2371"]
[PlyCount "58"]
[EventDate "2009.05.09"]
[EventRounds "7"]
[EventCountry "ESP"]

1. d4 g6 2. c4 Bg7 3. Nc3 d6 4. e4 Nc6 5. Be3 e5 6. d5 Nce7 7. Bd3 f5 8. f3 Nf6
9. Nge2 O-O 10. Qd2 b6 11. exf5 gxf5 12. O-O a5 13. Rad1 Bd7 14. h3 f4 15. Bf2
Nh5 16. Ne4 Nf5 17. N4c3 Kh8 18. Qc2 Qg5 19. Bxf5 Bxf5 20. Ne4 Qg6 21. Kh2 Rg8
22. g4 fxg3+ 23. N2xg3 Nxg3 24. Bxg3 Bh6 25. Rg1 Qh5 26. Qg2 Bxe4 27. fxe4 Rxg3
28. Qf1 Rxg1 29. Kxg1 Rf8 0-1

[Event "Groseko Udaberriko V. Txapelke"]
[Site "Donostia-San Sebastián"]
[Date "2009.05.23"]
[Round "3.1"]
[White "Sanz Perez, Eduardo"]
[Black "Segura Del Frago, Imanol"]
[Result "0-1"]
[WhiteElo "2177"]
[BlackElo "1938"]
[PlyCount "46"]
[EventDate "2009.05.09"]
[EventRounds "7"]
[EventCountry "ESP"]

1. f4 d5 2. e3 Nf6 3. Nf3 Bf5 4. b3 e6 5. Bb2 Bc5 6. Ne5 d4 7. b4 Bb6 8. c4
dxc3 9. Nxc3 Nbd7 10. Nc4 O-O 11. Qf3 Re8 12. Qxb7 e5 13. Qf3 exf4 14. Qxf4 Bg6
15. Be2 Qe7 16. O-O Rad8 17. a4 a5 18. bxa5 Ba7 19. Qxc7 Bb8 20. Qb7 Ne4 21.
Bf3 Qh4 22. Nxe4 Bxh2+ 23. Kh1 Bg3+ 0-1